| 000 | 00681nam a2200217 a 4500 | ||
|---|---|---|---|
| 005 | 20241031063738.0 | ||
| 008 | 040325s2000 cl r 000 0 spa d | ||
| 020 | _a9586482502 | ||
| 035 | _aUPN01000132822 | ||
| 049 | _aCG | ||
| 050 | 4 |
_aHD53 _bM3.2 2000 |
|
| 100 | 1 | _aMantilla B., Samuel Alberto | |
| 245 | 1 | 0 |
_aCapital intelectual : _bcontabilidad del conocimiento / _cSamuel Alberto Mantilla B. |
| 250 | _a2a ed. | ||
| 260 |
_aBogotá : _bECOE, _c2000. |
||
| 300 |
_a194 p. : _bcuadros |
||
| 440 | 0 |
_aTextos universitarios. _pContabilidad, auditoría y control |
|
| 650 | 0 |
_aCapital intelectual _93621 |
|
| 650 | 4 |
_aAdministración del conocimiento _9495 |
|
| 905 | _aLibro | ||
| 999 |
_c104976 _d104976 |
||